000 00546nam a2200181Ia 4500
008 100920s9999 xx 000 0 und d
082 _b27795
_a891.461 0
100 _aमराठे सुशीला.
245 _aमम सुखाची ठेव.
260 _bपद्मनिी प्रकाशन.
_c0
300 _a91
_bसाधी
365 _b3.5
520 _aपदय.
630 _aमम सुखाची ठेव.
650 _aपदय.
730 _aमम सुखाची ठेव.
942 _cBOOK
999 _c684440
_d684437